000 00959cab a2200301 4500
001 ABS59170
008 090401t1998 xxu||||| |||| 00| 0 eng d
035 _a(Sirsi) u87969
041 _aeng
100 _aJones, C.
245 _aAiming for easy green auditing
260 _c1998
350 _a0
490 _aPlanning (for the Natural and Built Environment)
_v7 August 1998, 8(1)
520 _aExamines the provisions of the draft Town and Country Planning (Assessment of Environmental Effects) Regulations, which have been issued by the Government for consultation.
650 _aASSESSMENTS
650 _aDEVELOPMENT
650 _aDIRECTIVE 85/337/EEC
650 _aENVIRONMENTAL IMPACT
650 _aPLANNING APPLICATIONS
650 _aPOLLUTION
650 _aPROJECTS
650 _aREGULATIONS
650 _aTOWN AND COUNTRY PLANNING SYSTEM
690 _aENVIRONMENTAL AND LAND CONSULTANCY
942 _n0
948 _c12/08/1998
999 _c55527
_d55527